00604nam a22001697a 450000500170000001000130001702000260003003500110005603700130006708200110008010000260009124500910011724600590020826000520026727000920031930000230041120201230151905.0 aUR-10969 c150.00a9789384255671 aU-9524 bDBAD/PUB a841.08 aڈ ا کٹر گلشن aا ٹھا ر و يں صد ی کا شعر ی منظر نا مہ cڈ ا کٹر گلشن bAttharvi Sadi Ka Manzar nama (Urdu)aby Dr. Gulshan  aN.Delhi bEducational Publishing Housec2019 ء aH.O.D1/16,Ansari Road,Darya ganj,bN.Delhie110002k45678285,23216162l0091-11-23211540 a288 ص c22 Cm(Hb)